[Event "Asuncion zt 2.5"]
[Site "Asuncion"]
[Date "2023.03.10"]
[Round "8"]
[White "Butti, Enrique"]
[Black "Munoz Orozco, Sashir Nicolas"]
[Result "1-0"]
[WhiteElo "2021"]
[BlackElo "1594"]
[PlyCount "57"]
[EventDate "2023.03.05"]
[EventType "swiss"]
[EventRounds "9"]
[EventCountry "PAR"]
[SourceTitle "CBM 213 Extra"]
[Source "ChessBase"]
[SourceDate "2023.05.31"]
[SourceVersion "1"]
[SourceVersionDate "2023.05.31"]
[SourceQuality "1"]

1. d4 d5 2. c4 Nf6 3. Nc3 g6 4. cxd5 Nxd5 5. e4 Nxc3 6. bxc3 Bg7 7. Bc4 c5 8. Ne2 Qa5 9. 0-0 Nc6 10. Rb1 cxd4 11. cxd4 0-0 12. Be3 e6 13. d5 exd5 14. Bxd5 Rd8 15. Qb3 Qc7 16. Rfc1 Qe7 17. Bc5 Qe8 18. Nc3 b6 19. Nb5 Na5 20. Qa3 Rxd5 21. exd5 Qd8 22. Be7 Qd7 23. Nc7 Rb8 24. Qd6 Nb7 25. Qxd7 Bxd7 26. Na6 Re8 27. Rc7 Bf5 28. Rd1 Nc5 29. Nxc5 1-0

[Event "PAR-ch sf"]
[Site "Asuncion"]
[Date "2022.06.11"]
[Round "4"]
[White "Melian, Juan Sebastian"]
[Black "Munoz Orozco, Sashir Nicolas"]
[Result "1-0"]
[WhiteElo "2134"]
[BlackElo "1587"]
[PlyCount "111"]
[EventDate "2022.06.10"]
[EventType "swiss"]
[EventRounds "7"]
[EventCountry "PAR"]
[SourceTitle "EXT 2023"]
[Source "ChessBase"]
[SourceDate "2022.10.05"]
[SourceVersion "1"]
[SourceVersionDate "2022.10.05"]
[SourceQuality "1"]

1. d4 d5 2. c4 e6 3. Nc3 Nf6 4. cxd5 exd5 5. Bg5 Be7 6. e3 0-0 7. Bd3 h6 8. Bf4 c6 9. Nf3 Be6 10. Qc2 Nbd7 11. 0-0 c5 12. h3 a6 13. dxc5 Nxc5 14. Bf5 Rc8 15. Rac1 Qb6 16. Bxe6 Nxe6 17. Be5 Ne4 18. Nxd5 Rxc2 19. Nxb6 Rxc1 20. Rxc1 Rd8 21. Rc8 Rxc8 22. Nxc8 Bc5 23. Ne1 f6 24. Bb8 Bf8 25. Nb6 Bd6 26. Bxd6 Nxd6 27. Nd3 Kf7 28. f3 Ke8 29. Kf2 Kd8 30. Ke2 Kc7 31. Nd5+ Kd7 32. N5f4 Nxf4+ 33. Nxf4 g5 34. Nd3 Ke6 35. e4 a5 36. Ke3 b6 37. b3 Nf7 38. g3 Nd8 39. Kd4 Kd6 40. f4 Ne6+ 41. Kc4 Kc6 42. a4 Ng7 43. f5 Nh5 44. g4 Ng3 45. e5 Ne4 46. exf6 Nxf6 47. Ne5+ Kc7 48. Nf7 h5 49. gxh5 Nxh5 50. Nxg5 Nf6 51. Kd4 Kd7 52. Ne4 Ne8 53. Ke5 Nc7 54. Nf6+ Kc6 55. h4 b5 56. h5 1-0

[Event "Asuncion Fernando Memorial"]
[Site "Asuncion"]
[Date "2021.08.29"]
[Round "6"]
[White "Heinechen, John"]
[Black "Munoz Orozco, Sashir Nicolas"]
[Result "1-0"]
[WhiteElo "1978"]
[BlackElo "1707"]
[PlyCount "73"]
[EventDate "2021.08.27"]
[EventType "swiss"]
[EventRounds "7"]
[EventCountry "PAR"]
[SourceTitle "EXT 2022"]
[Source "ChessBase"]
[SourceDate "2021.10.06"]
[SourceVersion "1"]
[SourceVersionDate "2021.10.06"]
[SourceQuality "1"]

1. e4 e5 2. Nf3 Nf6 3. Nxe5 d6 4. Nf3 Nxe4 5. Nc3 Nxc3 6. dxc3 Nc6 7. Be3 Bf5 8. Qd2 Be4 9. Ng5 Bg6 10. 0-0-0 h6 11. Nh3 a6 12. Nf4 Bh7 13. Bc4 Qd7 14. Rhe1 0-0-0 15. f3 g5 16. Nd5 Bg7 17. Bb6 Ne5 18. Bf1 c6 19. Bxd8 Qxd8 20. Ne3 Bf8 21. Nc4 Nxc4 22. Bxc4 d5 23. Qd4 Bd6 24. g3 Be7 25. Qa7 Bf5 26. Bxa6 bxa6 27. Rxe7 Bd7 28. Rxd7 Qxd7 29. Qa8+ Kc7 30. Qxh8 Qh3 31. Qe5+ Kd7 32. Re1 Qxh2 33. Qe8+ Kc7 34. Re7+ Kd6 35. Rd7+ Kc5 36. Qe7+ Kb5 37. Qb4# 1-0

[Event "Asuncion Fernando Memorial"]
[Site "Asuncion"]
[Date "2021.08.29"]
[Round "5"]
[White "Munoz Orozco, Sashir Nicolas"]
[Black "Montiel Caceres, Helen"]
[Result "1-0"]
[WhiteElo "1707"]
[BlackElo "1619"]
[PlyCount "91"]
[EventDate "2021.08.27"]
[EventType "swiss"]
[EventRounds "7"]
[EventCountry "PAR"]
[SourceTitle "EXT 2022"]
[Source "ChessBase"]
[SourceDate "2021.10.06"]
[SourceVersion "1"]
[SourceVersionDate "2021.10.06"]
[SourceQuality "1"]

1. d4 Nf6 2. Bf4 g6 3. Nf3 Bg7 4. e3 d6 5. h3 0-0 6. c3 c5 7. Nbd2 Nc6 8. Nb3 Qb6 9. Nfd2 e5 10. Nc4 Qc7 11. Bh2 b5 12. Na3 b4 13. Nb5 Qe7 14. dxc5 dxc5 15. Qd6 Ne4 16. Qxc6 Bb7 17. Qc7 Qh4 18. Bg1 Bd5 19. c4 Rfc8 20. Qd7 Be6 21. Qb7 a6 22. g3 Qf6 23. Qxe4 axb5 24. g4 Qe7 25. Qc2 f5 26. f3 e4 27. Be2 Qb7 28. f4 Qf7 29. Nd2 bxc4 30. Nxc4 b3 31. Qxb3 Bxb2 32. Qxb2 Bxc4 33. Bxc4 Qxc4 34. Rh2 Ra4 35. Rc1 Qa6 36. Rhc2 c4 37. Kf2 Ra3 38. Kg3 h5 39. Qd4 Ra4 40. Qd5+ Kg7 41. gxf5 gxf5 42. Qxf5 Ra5 43. Qxe4 h4+ 44. Kh2 Kh8 45. Rg2 Rxa2 46. Qe5+ 1-0

[Event "Asuncion Fernando Memorial"]
[Site "Asuncion"]
[Date "2021.08.28"]
[Round "4"]
[White "De la Vega, Ricardo"]
[Black "Munoz Orozco, Sashir Nicolas"]
[Result "0-1"]
[WhiteElo "1491"]
[BlackElo "1707"]
[PlyCount "68"]
[EventDate "2021.08.27"]
[EventType "swiss"]
[EventRounds "7"]
[EventCountry "PAR"]
[SourceTitle "EXT 2022"]
[Source "ChessBase"]
[SourceDate "2021.10.06"]
[SourceVersion "1"]
[SourceVersionDate "2021.10.06"]
[SourceQuality "1"]

1. e4 e6 2. d3 c5 3. Nf3 b6 4. g3 Bb7 5. Bg2 d5 6. e5 Nc6 7. 0-0 Nge7 8. h4 Ng6 9. Re1 Qc7 10. Qe2 Be7 11. h5 Nf8 12. Bf4 Nd7 13. Nc3 a6 14. Nxd5 exd5 15. e6 Bd6 16. exd7+ Kxd7 17. Bh3+ Kd8 18. Bxd6 Qxd6 19. Ng5 Qf6 20. Nf3 Kc7 21. Bg2 Rhe8 22. Qd2 Rad8 23. c3 d4 24. c4 Kb8 25. a3 a5 26. Qc2 Qf5 27. Qb3 Kc7 28. Qb5 Na7 29. Qa4 Bxf3 30. Rxe8 Bxg2 31. Re7+ Kd6 32. Rxa7 Qh3 33. f4 Bf3 34. Qc2 Qh1+ 0-1